[Event "Palmanova op 12th"]
[Site "Palmanova"]
[Date "2023.12.08"]
[Round "1"]
[White "Simonetto, Andrea"]
[Black "Pedoni, Lorenzo"]
[Result "1-0"]
[WhiteElo "2278"]
[BlackElo "1987"]
[PlyCount "31"]
[EventDate "2023.12.08"]
[EventType "swiss"]
[EventRounds "5"]
[EventCountry "ITA"]
[SourceTitle "CB50_2023"]
[SourceDate "2023.12.13"]
[SourceVersion "1"]
[SourceVersionDate "2023.12.13"]
[SourceQuality "1"]

1. e4 g6 2. d4 Bg7 3. Nf3 d6 4. Bc4 Nf6 5. Qe2 0-0 6. 0-0 d5 7. exd5 Nxd5 8. c3 Nc6 9. Bg5 h6 10. Bh4 a6 11. Nbd2 Be6 12. Bg3 b5 13. Bd3 Nb6 14. Bxg6 Nc4 15. Bc2 Nd6 16. d5 1-0

[Event "Lignano Bella Italia op 2nd"]
[Site "Lignano Sabbiadoro"]
[Date "2023.08.20"]
[Round "5"]
[White "Dobboletta, Alex"]
[Black "Pedoni, Lorenzo"]
[Result "1-0"]
[WhiteElo "2205"]
[BlackElo "2012"]
[PlyCount "57"]
[EventDate "2023.08.17"]
[EventType "swiss"]
[EventRounds "9"]
[EventCountry "ITA"]
[SourceTitle "EXT 2024"]
[Source "ChessBase"]
[SourceDate "2023.10.10"]
[SourceVersion "1"]
[SourceVersionDate "2023.10.10"]
[SourceQuality "1"]

1. Nf3 Nf6 2. c4 b6 3. g3 Bb7 4. Bg2 e6 5. 0-0 Be7 6. Nc3 0-0 7. Re1 d5 8. cxd5 Nxd5 9. e4 Nxc3 10. bxc3 c5 11. d4 Nc6 12. d5 exd5 13. exd5 Na5 14. Nd2 f5 15. c4 Bf6 16. Rb1 f4 17. Be4 Qd7 18. Qc2 fxg3 19. hxg3 Qh3 20. Bf5 Qh5 21. g4 Qh4 22. Kg2 Bd4 23. Nf3 Qf6 24. Bg5 Qd6 25. Re6 Qc7 26. Re7 Qd6 27. Bxh7+ Kh8 28. Rh1 Bf6 29. Bg8+ 1-0

[Event "Lignano Bella Italia op 2nd"]
[Site "Lignano Sabbiadoro"]
[Date "2023.08.19"]
[Round "4"]
[White "Pedoni, Lorenzo"]
[Black "Kul, Ivan"]
[Result "1-0"]
[WhiteElo "2012"]
[BlackElo "2140"]
[PlyCount "45"]
[EventDate "2023.08.17"]
[EventType "swiss"]
[EventRounds "9"]
[EventCountry "ITA"]
[SourceTitle "EXT 2024"]
[Source "ChessBase"]
[SourceDate "2023.10.10"]
[SourceVersion "1"]
[SourceVersionDate "2023.10.10"]
[SourceQuality "1"]

1. e4 e5 2. Nc3 Nf6 3. Bc4 Nc6 4. d3 Bc5 5. f4 d6 6. Nf3 exf4 7. Bxf4 0-0 8. d4 Bb6 9. Bg5 h6 10. Bxf6 Qxf6 11. Nd5 Qg6 12. 0-0 Qxe4 13. c3 Bg4 14. Qd2 Bxf3 15. Rxf3 Ne5 16. Rg3 Nxc4 17. Qxh6 Bxd4+ 18. cxd4 Qxd4+ 19. Kh1 f5 20. Qe6+ Rf7 21. Ne7+ Kf8 22. Ng6+ Kg8 23. Rh3 1-0

[Event "Lignano Bella Italia op 2nd"]
[Site "Lignano Sabbiadoro"]
[Date "2023.08.18"]
[Round "3"]
[White "Lami, Damiano"]
[Black "Pedoni, Lorenzo"]
[Result "1-0"]
[WhiteElo "2149"]
[BlackElo "2012"]
[PlyCount "39"]
[EventDate "2023.08.17"]
[EventType "swiss"]
[EventRounds "9"]
[EventCountry "ITA"]
[SourceTitle "EXT 2024"]
[Source "ChessBase"]
[SourceDate "2023.10.10"]
[SourceVersion "1"]
[SourceVersionDate "2023.10.10"]
[SourceQuality "1"]

1. e4 e5 2. Nf3 Nc6 3. Nc3 Nf6 4. g3 d5 5. exd5 Nxd5 6. Bg2 Be6 7. 0-0 Be7 8. Re1 f6 9. d4 Nxc3 10. bxc3 Bg4 11. h3 Bh5 12. Qe2 0-0 13. g4 Bg6 14. dxe5 fxe5 15. Nxe5 Nxe5 16. Qxe5 Bf6 17. Qc5 c6 18. g5 b6 19. Qxc6 Rc8 20. Qd5+ 1-0

[Event "Lignano Bella Italia op 2nd"]
[Site "Lignano Sabbiadoro"]
[Date "2023.08.18"]
[Round "2"]
[White "Pedoni, Lorenzo"]
[Black "Urbani, Gabriel"]
[Result "0-1"]
[WhiteElo "2012"]
[BlackElo "2216"]
[PlyCount "90"]
[EventDate "2023.08.17"]
[EventType "swiss"]
[EventRounds "9"]
[EventCountry "ITA"]
[SourceTitle "EXT 2024"]
[Source "ChessBase"]
[SourceDate "2023.10.10"]
[SourceVersion "1"]
[SourceVersionDate "2023.10.10"]
[SourceQuality "1"]

1. e4 e5 2. Nc3 Nf6 3. Bc4 Nxe4 4. Qh5 Nd6 5. Qxe5+ Qe7 6. Qxe7+ Bxe7 7. Be2 Nc6 8. Nf3 Nf5 9. Nd5 Bd6 10. c3 Nce7 11. Nxe7 Bxe7 12. d4 d5 13. g4 Nd6 14. Ne5 c6 15. h4 Be6 16. f3 0-0-0 17. Bf4 f6 18. Nd3 Nf7 19. 0-0-0 h5 20. Bg3 hxg4 21. fxg4 Bd6 22. Bxd6 Nxd6 23. Nc5 Bf7 24. Rdf1 b6 25. Nd3 Rde8 26. Bd1 Re3 27. Bc2 Bg6 28. Nf4 Bxc2 29. Kxc2 Rg3 30. g5 fxg5 31. hxg5 Rxh1 32. Rxh1 Rxg5 33. Rh8+ Kd7 34. Nd3 Nc4 35. Kb3 Kc7 36. Rh2 a5 37. Kc2 Rg2+ 38. Rxg2 Ne3+ 39. Kd2 Nxg2 40. a4 Nh4 41. Ne5 Nf5 42. Ke2 Nd6 43. b3 b5 44. Kf3 bxa4 45. bxa4 Ne4 0-1

[Event "Arco Christmas op 12th"]
[Site "Arco"]
[Date "2022.12.30"]
[Round "7"]
[White "Ventura, Sergio"]
[Black "Pedoni, Lorenzo"]
[Result "0-1"]
[WhiteElo "1954"]
[BlackElo "1992"]
[PlyCount "96"]
[EventDate "2022.12.26"]
[EventType "swiss"]
[EventRounds "7"]
[EventCountry "ITA"]
[SourceTitle "CBM 212 Extra"]
[Source "ChessBase"]
[SourceDate "2023.03.31"]
[SourceVersion "1"]
[SourceVersionDate "2023.03.31"]
[SourceQuality "1"]

1. e4 d6 2. d4 Nf6 3. Nc3 e5 4. dxe5 dxe5 5. Qxd8+ Kxd8 6. Bc4 Bb4 7. f3 Bxc3+ 8. bxc3 Be6 9. Bxe6 fxe6 10. Nh3 Nbd7 11. a4 a5 12. Ke2 Ra6 13. Be3 Ne8 14. Rab1 Nd6 15. Rb3 Rc6 16. Rhb1 b6 17. Nf2 h6 18. Nd3 Ke7 19. Bf2 Nc4 20. Rd1 g5 21. Ra1 Rg8 22. h3 h5 23. Rh1 Nf8 24. Be3 Kf6 25. Bc1 Ng6 26. g3 h4 27. Rg1 hxg3 28. Rxg3 Ne7 29. Rb5 Rd6 30. Nxe5 Nxe5 31. Rxe5 Kxe5 32. Bxg5 Rd7 33. Ke3 Re8 34. h4 Kd6 35. h5 Kc6 36. Bf6 Ng8 37. Bg7 b5 38. axb5+ Kxb5 39. Rg5+ Kb6 40. h6 Nxh6 41. Bxh6 a4 42. Bg7 a3 43. Bd4+ Ka6 44. Rg1 Ra8 45. f4 a2 46. c4 Kb7 47. Ra1 Rdd8 48. Bc3 Ra3 0-1

[Event "Arco Christmas op 12th"]
[Site "Arco"]
[Date "2022.12.28"]
[Round "4"]
[White "Rosol, Philip"]
[Black "Pedoni, Lorenzo"]
[Result "1-0"]
[WhiteElo "1883"]
[BlackElo "1992"]
[PlyCount "71"]
[EventDate "2022.12.26"]
[EventType "swiss"]
[EventRounds "7"]
[EventCountry "ITA"]
[SourceTitle "CBM 212 Extra"]
[Source "ChessBase"]
[SourceDate "2023.03.31"]
[SourceVersion "1"]
[SourceVersionDate "2023.03.31"]
[SourceQuality "1"]

1. d4 Nf6 2. c4 b6 3. Nc3 Bb7 4. Nf3 e6 5. a3 d5 6. Bg5 Be7 7. e3 0-0 8. Be2 Nbd7 9. 0-0 dxc4 10. Bxc4 c5 11. dxc5 Qc7 12. b4 Ne5 13. Nb5 Qc6 14. Nbd4 Qe4 15. c6 Nxc6 16. Bd3 Qg4 17. h3 Qh5 18. Nxc6 Bxc6 19. Nd4 Qxg5 20. Nxc6 Nd5 21. Nxe7+ Nxe7 22. Rc1 Nd5 23. Qf3 Rad8 24. Rfd1 g6 25. g3 Rc8 26. Ba6 Rxc1 27. Rxc1 Qe5 28. Qe2 h5 29. h4 Nc3 30. Qb2 Rd8 31. Qxc3 Rd1+ 32. Kh2 Qf5 33. Rxd1 Qxf2+ 34. Kh3 Qf5+ 35. Kg2 Qe4+ 36. Kh2 1-0

[Event "Arco Christmas op 12th"]
[Site "Arco"]
[Date "2022.12.27"]
[Round "2"]
[White "Budai, Federico"]
[Black "Pedoni, Lorenzo"]
[Result "0-1"]
[WhiteElo "1748"]
[BlackElo "1992"]
[PlyCount "128"]
[EventDate "2022.12.26"]
[EventType "swiss"]
[EventRounds "7"]
[EventCountry "ITA"]
[SourceTitle "CBM 212 Extra"]
[Source "ChessBase"]
[SourceDate "2023.03.31"]
[SourceVersion "1"]
[SourceVersionDate "2023.03.31"]
[SourceQuality "1"]

1. e4 d6 2. d4 Nf6 3. Nc3 e5 4. dxe5 dxe5 5. Qxd8+ Kxd8 6. Bg5 Be6 7. 0-0-0+ Nbd7 8. Nf3 Kc8 9. Nd2 Bb4 10. f3 h6 11. Be3 Nb6 12. Ndb1 c6 13. a3 Be7 14. Nd2 Nfd7 15. Be2 Bg5 16. Bf2 Kc7 17. h4 Be7 18. g3 Bc5 19. Bxc5 Nxc5 20. Nf1 Bc4 21. Ne3 Bxe2 22. Nxe2 g6 23. Rd2 h5 24. b4 Ncd7 25. c4 a5 26. c5 axb4 27. cxb6+ Nxb6 28. a4 Rxa4 29. Rb2 Rha8 30. Kc2 Ra3 31. Rb3 Rxb3 32. Kxb3 Ra3+ 33. Kxb4 Rxe3 34. Nc3 c5+ 35. Kb3 Na4 36. Kxa4 Rxc3 37. Kb5 b6 38. f4 exf4 39. gxf4 Rf3 40. f5 gxf5 41. exf5 Rxf5 42. Re1 Rf4 43. Re5 Rxh4 44. Re7+ Kd6 45. Rxf7 Rb4+ 46. Ka6 h4 47. Rf5 h3 48. Rh5 Rb3 49. Rh4 Kc6 50. Rh6+ Kd5 51. Rh4 c4 52. Rh5+ Ke4 53. Rh4+ Kd3 54. Rxh3+ Kc2 55. Rh2+ Kb1 56. Rh1+ Ka2 57. Rh2+ Rb2 58. Rh3 b5 59. Kb6 b4 60. Kc5 c3 61. Kc4 c2 62. Rh1 Rb1 63. Rh2 b3 64. Kd3 Ka1 0-1

[Event "Caldaro op 3rd"]
[Site "Caldaro"]
[Date "2018.11.04"]
[Round "6"]
[White "Pedoni, Lorenzo"]
[Black "Schieferdecker, Martin"]
[Result "1-0"]
[WhiteElo "2009"]
[BlackElo "1996"]
[PlyCount "39"]
[EventDate "2018.11.01"]
[EventType "swiss"]
[EventRounds "6"]
[EventCountry "ITA"]
[SourceTitle "EXT 2021"]
[Source "ChessBase"]
[SourceDate "2020.10.23"]
[SourceVersion "1"]
[SourceVersionDate "2020.10.23"]
[SourceQuality "1"]

1. d4 Nf6 2. Bg5 e6 3. e4 h6 4. Bxf6 Qxf6 5. c3 d5 6. Nd2 Qd8 7. Ngf3 Be7 8. Bd3 Nd7 9. 0-0 dxe4 10. Nxe4 0-0 11. Qe2 Re8 12. Rad1 Nf8 13. Ne5 Bd6 14. Qh5 Bxe5 15. dxe5 Qe7 16. Rfe1 Rd8 17. Re3 Bd7 18. Rg3 Kh8 19. Nf6 Bc6 20. Qxh6+ 1-0

[Event "Caldaro op 3rd"]
[Site "Caldaro"]
[Date "2018.11.03"]
[Round "4"]
[White "Pedoni, Lorenzo"]
[Black "Comai, Samuele"]
[Result "0-1"]
[WhiteElo "2009"]
[BlackElo "2091"]
[PlyCount "62"]
[EventDate "2018.11.01"]
[EventType "swiss"]
[EventRounds "6"]
[EventCountry "ITA"]
[SourceTitle "EXT 2021"]
[Source "ChessBase"]
[SourceDate "2020.10.23"]
[SourceVersion "1"]
[SourceVersionDate "2020.10.23"]
[SourceQuality "1"]

1. d4 Nf6 2. Bg5 e6 3. e4 h6 4. Bxf6 Qxf6 5. c3 d5 6. Nd2 dxe4 7. Nxe4 Qd8 8. Nf3 Be7 9. Bd3 Nd7 10. 0-0 0-0 11. Qe2 b6 12. Rfe1 Bb7 13. Rad1 c6 14. Ne5 Qc7 15. Qh5 Nxe5 16. dxe5 Rfd8 17. Re3 c5 18. Nf6+ Kf8 19. Rg3 c4 20. Nh7+ Kg8 21. Nf6+ Kf8 22. Nh7+ Kg8 23. f4 Rxd3 24. Rdxd3 cxd3 25. Qxh6 g6 26. Nf6+ Bxf6 27. exf6 Qc5+ 28. Kf1 Qf8 29. Qh4 d2 30. Ke2 Qd6 31. Kd1 Be4 0-1

[Event "Biella op-A 7th"]
[Site "Biella"]
[Date "2016.09.23"]
[Round "1.11"]
[White "Seresin, Francesco"]
[Black "Pedoni, Lorenzo"]
[Result "1-0"]
[WhiteElo "2200"]
[BlackElo "1947"]
[PlyCount "45"]
[EventDate "2016.09.23"]
[EventType "swiss"]
[EventRounds "5"]
[EventCountry "ITA"]
[SourceTitle "EXT 2024"]
[Source "ChessBase"]
[SourceDate "2023.10.10"]
[SourceVersion "1"]
[SourceVersionDate "2023.10.10"]
[SourceQuality "1"]

1. d4 Nf6 2. c4 e6 3. Nc3 Bb4 4. e3 0-0 5. Bd3 d5 6. Nf3 c5 7. 0-0 Nc6 8. cxd5 exd5 9. dxc5 Bxc5 10. h3 a6 11. b3 d4 12. Na4 Ba7 13. exd4 Nxd4 14. Bb2 Kh8 15. Rc1 Qd5 16. Bxd4 Bxd4 17. Bc4 Qh5 18. Nxd4 Qg6 19. Qf3 Rd8 20. Rcd1 Rb8 21. Nb6 Ne4 22. Nxc8 Rbxc8 23. Bxf7 1-0

[Event "Crema op-A 17th"]
[Site "Crema"]
[Date "2016.09.04"]
[Round "5"]
[White "Pedoni, Lorenzo"]
[Black "Bevilacqua, Maurizio"]
[Result "0-1"]
[WhiteElo "1947"]
[BlackElo "2052"]
[PlyCount "64"]
[EventDate "2016.09.02"]
[EventType "swiss"]
[EventRounds "6"]
[EventCountry "ITA"]
[SourceTitle "EXT 2018"]
[Source "ChessBase"]
[SourceDate "2017.10.13"]
[SourceVersion "1"]
[SourceVersionDate "2017.10.13"]
[SourceQuality "1"]

1. c4 Nf6 2. Nc3 e6 3. Nf3 d5 4. cxd5 exd5 5. d4 Be7 6. Bg5 c6 7. Qc2 Nbd7 8. e3 0-0 9. Bd3 Re8 10. 0-0 Nf8 11. Rab1 a5 12. a3 Ne4 13. Bxe7 Qxe7 14. b4 axb4 15. axb4 Ra3 16. Bxe4 dxe4 17. Nd2 Bf5 18. Nc4 Ra6 19. b5 cxb5 20. Rxb5 Rc8 21. Qb3 Rac6 22. Rxb7 Qg5 23. Rb4 Bh3 24. g3 Qf5 25. f4 exf3 26. e4 Qd7 27. d5 Qa7+ 28. Rf2 Rxc4 29. Rxc4 Qe3 30. Qd1 Rxc4 31. Na2 Rc2 32. Qxf3 Qe1+ 0-1

[Event "Crema op-A 17th"]
[Site "Crema"]
[Date "2016.09.04"]
[Round "6"]
[White "Tahiraj, Almir"]
[Black "Pedoni, Lorenzo"]
[Result "0-1"]
[WhiteElo "1906"]
[BlackElo "1947"]
[PlyCount "81"]
[EventDate "2016.09.02"]
[EventType "swiss"]
[EventRounds "6"]
[EventCountry "ITA"]
[SourceTitle "EXT 2018"]
[Source "ChessBase"]
[SourceDate "2017.10.13"]
[SourceVersion "1"]
[SourceVersionDate "2017.10.13"]
[SourceQuality "1"]

1. f4 Nf6 2. Nf3 c5 3. e3 d5 4. d4 Bf5 5. c3 Nc6 6. Qb3 Rb8 7. Ne5 c4 8. Qd1 e6 9. Nd2 Nxe5 10. fxe5 Ne4 11. Qa4+ b5 12. Qxa7 Be7 13. a4 0-0 14. a5 Bh4+ 15. g3 Bg5 16. Nxe4 Bxe4 17. Rg1 g6 18. Bh3 f5 19. Bd2 Qc8 20. Qc5 Qxc5 21. dxc5 Be7 22. Kf2 Bxc5 23. a6 Bc2 24. Bf1 Ra8 25. Be2 Ba4 26. Bd1 Rxa6 27. Bxa4 bxa4 28. Ra2 f4 29. Ke2 fxg3 30. hxg3 Rf5 31. Rga1 Rxe5 32. Rxa4 Rxa4 33. Rxa4 Re4 34. Ra5 Bd6 35. Kf3 h5 36. Be1 Kh7 37. Ra6 Bc5 38. Bf2 Kh6 39. Rc6 Be7 40. Rc7 Bf6 41. Rc6 0-1

[Event "Arco Christmas op 6th"]
[Site "Arco"]
[Date "2015.12.29"]
[Round "6"]
[White "Ager, Josef"]
[Black "Pedoni, Lorenzo"]
[Result "1-0"]
[WhiteElo "2087"]
[BlackElo "1952"]
[PlyCount "100"]
[EventDate "2015.12.26"]
[EventType "swiss"]
[EventRounds "7"]
[EventCountry "ITA"]
[SourceTitle "CBM 170 Extra"]
[Source "ChessBase"]
[SourceDate "2016.02.25"]
[SourceVersion "1"]
[SourceVersionDate "2016.02.25"]
[SourceQuality "1"]

1. Nf3 Nf6 2. c4 e6 3. g3 b6 4. Bg2 Bb7 5. 0-0 Be7 6. Nc3 d6 7. Qc2 Nbd7 8. d4 c5 9. dxc5 Nxc5 10. Rd1 0-0 11. Bf4 a6 12. b4 Nce4 13. Nxe4 Bxe4 14. Qb3 Qb8 15. Rac1 Rd8 16. Rd2 Qb7 17. Bf1 h6 18. Ne1 e5 19. Be3 d5 20. f3 dxc4 21. Rxd8+ Rxd8 22. Qxc4 Bf5 23. Qc3 Nd5 24. Qxe5 Nxe3 25. Qxe3 Bxb4 26. Qe5 Bc5+ 27. Rxc5 bxc5 28. Qxf5 Rd1 29. Kf2 Qb4 30. Nc2 Qb1 31. Qc8+ Kh7 32. Ne3 Rd2 33. Qxc5 Qxa2 34. Nc4 Rc2 35. Qf5+ Kg8 36. Ne5 Rc5 37. Qe4 Qe6 38. Qa8+ Kh7 39. Nd3 Rc3 40. Qa7 Rc6 41. f4 Rc2 42. Ne5 f6 43. Bg2 Rc8 44. Be4+ Kg8 45. Qb7 Rd8 46. Nc6 Re8 47. Bf3 Qe3+ 48. Kg2 Qa3 49. Nd4 a5 50. Nf5 Qf8 1-0

[Event "Arco Christmas op 6th"]
[Site "Arco"]
[Date "2015.12.27"]
[Round "2"]
[White "Pedoni, Lorenzo"]
[Black "Migliorini, Matteo"]
[Result "0-1"]
[WhiteElo "1952"]
[BlackElo "2175"]
[PlyCount "164"]
[EventDate "2015.12.26"]
[EventType "swiss"]
[EventRounds "7"]
[EventCountry "ITA"]
[SourceTitle "CBM 170 Extra"]
[Source "ChessBase"]
[SourceDate "2016.02.25"]
[SourceVersion "1"]
[SourceVersionDate "2016.02.25"]
[SourceQuality "1"]

1. d4 Nf6 2. Bg5 c5 3. Bxf6 gxf6 4. d5 Qb6 5. Qc1 f5 6. g3 Bg7 7. c3 d6 8. Nd2 Qc7 9. a4 Nd7 10. Nh3 h5 11. Nf4 h4 12. Bg2 Nf6 13. e3 Bd7 14. Qc2 e5 15. dxe6 fxe6 16. Ng6 h3 17. Bf1 Rh6 18. Nf4 0-0-0 19. Bb5 e5 20. Bxd7+ Qxd7 21. Nd3 Ng4 22. Nc4 Kb8 23. 0-0-0 d5 24. Na3 Qc8 25. Kb1 d4 26. cxd4 cxd4 27. Qxc8+ Rxc8 28. exd4 e4 29. f3 Ne3 30. Rde1 Ng2 31. fxe4 Nxe1 32. Rxe1 fxe4 33. Rxe4 Rd8 34. Nc2 Rhd6 35. Nf4 Rh8 36. Nd3 Bf6 37. Nf4 Kc8 38. Nd3 b6 39. b3 Kd7 40. Nf4 Bg5 41. Nd3 Bf6 42. Rf4 Rh7 43. Nf2 Bg5 44. Rf5 Rf6 45. Rd5+ Kc7 46. Nxh3 Rf1+ 47. Ka2 Rxh3 48. Rxg5 Rxh2 49. Rg7+ Kd6 50. Rg6+ Kd5 51. Kb2 Rff2 52. Rg5+ Ke4 53. Re5+ Kd3 54. Re3+ Kd2 55. Rc3 Kd1 56. Rd3+ Rd2 57. Kc3 Rxd3+ 58. Kxd3 Rxc2 59. d5 Rg2 60. Ke4 Rxg3 61. d6 Kc2 62. b4 Kb3 63. a5 b5 64. d7 Rg8 65. Kd5 Kxb4 66. a6 Ka5 67. Kc6 Kxa6 68. Kc7 b4 69. d8Q Rxd8 70. Kxd8 b3 71. Ke7 b2 72. Kd6 b1Q 73. Ke5 Qd3 74. Kf6 Qe4 75. Kg5 Qf3 76. Kh6 Qg4 77. Kh7 Kb6 78. Kh6 Kc6 79. Kh7 Kd6 80. Kh6 Ke6 81. Kh7 Kf7 82. Kh8 Qg7# 0-1

[Event "Biella op-B 6th"]
[Site "Biella"]
[Date "2015.09.27"]
[Round "5"]
[White "Pedoni, Lorenzo"]
[Black "Buffa, Sabarino Pietro"]
[Result "1/2-1/2"]
[WhiteElo "1969"]
[BlackElo "1778"]
[PlyCount "42"]
[EventDate "2015.09.25"]
[EventType "swiss"]
[EventRounds "5"]
[EventCountry "ITA"]
[SourceTitle "EXT 2024"]
[Source "ChessBase"]
[SourceDate "2023.10.10"]
[SourceVersion "1"]
[SourceVersionDate "2023.10.10"]
[SourceQuality "1"]

1. c4 Nf6 2. g3 g6 3. Bg2 Bg7 4. Nc3 0-0 5. Nf3 c5 6. 0-0 d6 7. d4 cxd4 8. Nxd4 a6 9. e4 Qc7 10. Qd3 Nc6 11. Nxc6 bxc6 12. b3 d5 13. exd5 Bf5 14. Qd2 cxd5 15. Bb2 d4 16. Nd5 Nxd5 17. cxd5 Qa7 18. Rfd1 d3 19. Bxg7 Kxg7 20. h3 Rac8 21. Qf4 Rc2 1/2-1/2

[Event "Biella op-B 6th"]
[Site "Biella"]
[Date "2015.09.25"]
[Round "1"]
[White "Pedoni, Lorenzo"]
[Black "Costantino, Gian Franco"]
[Result "1-0"]
[WhiteElo "1969"]
[BlackElo "1758"]
[PlyCount "79"]
[EventDate "2015.09.25"]
[EventType "swiss"]
[EventRounds "5"]
[EventCountry "ITA"]
[SourceTitle "EXT 2024"]
[Source "ChessBase"]
[SourceDate "2023.10.10"]
[SourceVersion "1"]
[SourceVersionDate "2023.10.10"]
[SourceQuality "1"]

1. c4 Nf6 2. g3 g6 3. Bg2 Bg7 4. Nc3 c5 5. Nf3 Nc6 6. 0-0 0-0 7. d4 cxd4 8. Nxd4 Nxd4 9. Qxd4 d6 10. Qd3 Rb8 11. Rd1 b6 12. e4 Bb7 13. e5 Bxg2 14. exf6 Bxf6 15. Kxg2 h5 16. Nd5 Bg7 17. Rb1 Qd7 18. Kg1 e6 19. Nc3 Rbd8 20. Bg5 f6 21. Be3 Kf7 22. c5 bxc5 23. Bxc5 Qb7 24. Be3 h4 25. Qe4 d5 26. Qxh4 Rh8 27. Qa4 d4 28. Rxd4 Rxd4 29. Qxd4 Ra8 30. Rd1 Qxb2 31. Qd7+ Kg8 32. Qxe6+ Kh7 33. Qb3 Qxb3 34. axb3 Rb8 35. Rd7 Rxb3 36. Nd5 Kg8 37. Rxa7 Rd3 38. Nf4 Rd1+ 39. Kg2 Kh7 40. Ne6 1-0

[Event "Presolana op 35th"]
[Site "Presolana"]
[Date "2015.08.26"]
[Round "4"]
[White "Pedoni, Lorenzo"]
[Black "Izzo, Riccardo"]
[Result "1-0"]
[WhiteElo "1969"]
[BlackElo "1732"]
[PlyCount "139"]
[EventDate "2015.08.23"]
[EventType "swiss"]
[EventRounds "8"]
[EventCountry "ITA"]
[SourceTitle "EXT 2024"]
[Source "ChessBase"]
[SourceDate "2023.10.10"]
[SourceVersion "1"]
[SourceVersionDate "2023.10.10"]
[SourceQuality "1"]

1. d4 d5 2. c4 c6 3. cxd5 cxd5 4. Nc3 Nf6 5. Bf4 Nc6 6. e3 a6 7. Bd3 e6 8. Rc1 Bb4 9. a3 Be7 10. h3 0-0 11. Nf3 Bd7 12. 0-0 b5 13. b4 Rc8 14. Nd2 Qb6 15. Nb3 Rfd8 16. Nc5 Ne8 17. Qc2 h6 18. Ne2 Nd6 19. Bxd6 Bxd6 20. f4 f5 21. g4 g6 22. Kh1 Bxc5 23. dxc5 Qc7 24. Nd4 Nxd4 25. exd4 Rf8 26. Qg2 Kh7 27. Rce1 Qd8 28. Rg1 Rg8 29. Re3 Qf6 30. Rg3 Qf7 31. Bc2 Bc6 32. g5 h5 33. Bd1 Qc7 34. Qd2 Kg7 35. Qe3 Rge8 36. Qf2 Bd7 37. Re3 Qc6 38. Rge1 Kf7 39. Qe2 Rcd8 40. Bb3 Rb8 41. Rf3 Qc7 42. Rc1 Bc6 43. Ra1 Qd7 44. Qe5 Qe7 45. a4 Ra8 46. Ra2 Reb8 47. Rf1 Qd8 48. Re1 Qe7 49. axb5 axb5 50. Rea1 Qd8 51. Ra7+ Rxa7 52. Rxa7+ Rb7 53. Ra6 Rc7 54. Bc2 Qe7 55. Qh8 Be8 56. Ra8 Rd7 57. c6 Rd6 58. Ra7 Qxa7 59. Qh7+ Kf8 60. Qxa7 Rxc6 61. Bd3 Rc3 62. Bxb5 Bxb5 63. Qb8+ Be8 64. b5 Rxh3+ 65. Kg2 Rb3 66. b6 Rb2+ 67. Kg3 Rb3+ 68. Kh4 Rf3 69. b7 Rb3 70. Qd6+ 1-0

[Event "ITA-ch U16"]
[Site "Montesilvano"]
[Date "2015.07.01"]
[Round "3"]
[White "Moroni, Luca Jr"]
[Black "Pedoni, Lorenzo"]
[Result "1-0"]
[WhiteElo "2437"]
[BlackElo "1931"]
[PlyCount "103"]
[EventDate "2015.06.29"]
[EventType "swiss"]
[EventRounds "9"]
[EventCountry "ITA"]
[SourceTitle "EXT 2024"]
[Source "ChessBase"]
[SourceDate "2023.10.10"]
[SourceVersion "1"]
[SourceVersionDate "2023.10.10"]
[SourceQuality "1"]

1. c4 e5 2. Nc3 Nf6 3. Nf3 Nc6 4. a3 d5 5. d4 exd4 6. Nxd4 Be6 7. cxd5 Nxd5 8. e4 Nf6 9. Be3 Nxd4 10. Qxd4 Qxd4 11. Bxd4 Be7 12. 0-0-0 a6 13. Be2 0-0-0 14. f4 Bb3 15. Rd2 Rhe8 16. Bf3 c5 17. Be3 Rxd2 18. Bxd2 Rd8 19. g4 Rd3 20. Be2 Rd8 21. Bf3 Rd3 22. Rf1 Nd7 23. Be2 Rh3 24. Rf2 Nb6 25. Bf1 Rh6 26. e5 Nc4 27. g5 Rh4 28. Be1 Rxf4 29. Rxf4 Bxg5 30. Bh3+ Kb8 31. Bg3 Nxe5 32. Kb1 Bxf4 33. Bxf4 f6 34. Ne4 b6 35. Ng5 h6 36. Nf3 g5 37. Bg3 Kb7 38. Nxe5 fxe5 39. Bg2+ Kc7 40. Bxe5+ Kd7 41. Be4 Bf7 42. Kc2 b5 43. Bc3 Kc7 44. Kd3 Kb6 45. Bg7 h5 46. Bf6 g4 47. Bd8+ Ka7 48. Ke3 Kb8 49. Kf4 Kc8 50. Be7 c4 51. Kg5 a5 52. Bc6 1-0

[Event "Robecchetto op-B 25th"]
[Site "Robecchetto"]
[Date "2014.12.29"]
[Round "5"]
[White "Pedoni, Lorenzo"]
[Black "Cerutti, Fabio Maria"]
[Result "1/2-1/2"]
[WhiteElo "1827"]
[BlackElo "1659"]
[PlyCount "41"]
[EventDate "2014.12.26"]
[EventType "swiss"]
[EventRounds "6"]
[EventCountry "ITA"]
[SourceTitle "EXT 2017"]
[Source "ChessBase"]
[SourceDate "2016.10.25"]
[SourceVersion "1"]
[SourceVersionDate "2016.10.25"]
[SourceQuality "1"]

1. c4 c5 2. Nc3 Nc6 3. g3 g6 4. Bg2 Bg7 5. Nf3 e5 6. d3 d6 7. 0-0 Nge7 8. Bg5 0-0 9. Qc1 Be6 10. Bh6 f6 11. Bxg7 Kxg7 12. Ne1 b6 13. Nd5 Nd4 14. Qd2 Nxd5 15. cxd5 Bd7 16. e3 Nf5 17. Nc2 b5 18. Rac1 a5 19. d4 exd4 20. exd4 c4 21. Rfe1 1/2-1/2

[Event "Robecchetto op-B 25th"]
[Site "Robecchetto"]
[Date "2014.12.27"]
[Round "2"]
[White "Puricelli, Giancarlo"]
[Black "Pedoni, Lorenzo"]
[Result "0-1"]
[WhiteElo "1698"]
[BlackElo "1827"]
[PlyCount "70"]
[EventDate "2014.12.26"]
[EventType "swiss"]
[EventRounds "6"]
[EventCountry "ITA"]
[SourceTitle "EXT 2017"]
[Source "ChessBase"]
[SourceDate "2016.10.25"]
[SourceVersion "1"]
[SourceVersionDate "2016.10.25"]
[SourceQuality "1"]

1. d4 Nf6 2. Nf3 e6 3. Nbd2 c5 4. e3 Nc6 5. Bd3 cxd4 6. Nxd4 e5 7. Nxc6 bxc6 8. Ne4 Nxe4 9. Bxe4 d5 10. Bd3 e4 11. Be2 Be6 12. 0-0 Bd6 13. Bd2 Qb8 14. Bc3 Bxh2+ 15. Kh1 Be5 16. Bg4 f5 17. Bxf5 Bxf5 18. Qh5+ g6 19. Qh6 Qc7 20. Qg5 Bxc3 21. bxc3 Qe7 22. Qh6 Qf8 23. Qf4 Qg7 24. Qd6 Qh6+ 25. Kg1 Rc8 26. Qe5+ Kf7 27. Rab1 Rhe8 28. Rb7+ Kg8 29. Qd4 Rf8 30. Qxa7 Bg4 31. Qd4 Rf5 32. f3 Rh5 33. fxg4 Rh1+ 34. Kf2 Rf8+ 35. Ke2 Rhxf1 0-1